书目信息 |
| 题名: |
古董之盛世鼎藏
|
|
| 作者: | 霍雪松 编著 | |
| 分册: | ||
| 出版信息: | 合肥 安徽美术出版社 2014 |
|
| 页数: | 266页 | |
| 开本: | 26cm | |
| 丛书名: | ||
| 单 册: | ||
| 中图分类: | G894-64 | |
| 科图分类: | ||
| 主题词: | 古玉器--收藏--中国--图集 | |
| 电子资源: | ||
| ISBN: | 978-7-5398-5312-3 | |
| 000 | 00931nam0 2200229 450 | |
| 001 | 339239 | |
| 005 | 20150608092143.40 | |
| 010 | @a978-7-5398-5312-3@b精装@dCNY180.00 | |
| 100 | @a20140813d2014 em y0chiy0110 ea | |
| 101 | 0 | @achi |
| 102 | @aCN@b340000 | |
| 105 | @ay z 000yy | |
| 106 | @ar | |
| 200 | 1 | @a古董之盛世鼎藏@Agu dong zhi sheng shi ding cang@e字画全彩版@f霍雪松编著 |
| 210 | @a合肥@c安徽美术出版社@d2014 | |
| 215 | @a266页@d26cm | |
| 330 | @a中国玉文化历史悠久, 博大精深, 而清朝的玉文化是一个积淀万年中国玉文化的集大成时代。其玉质之美, 琢工之精, 器形之丰, 题材之多, 使用之广, 都是前所未有的。故此, 作者特选取了各个时期尤其是清朝时期的精美玉器, 配以文字介绍, 全面展示了中国精彩绝伦的玉雕技艺和藏品价值, 是艺术品藏家借鉴的不错选择。 | |
| 606 | 0 | @a古玉器@x收藏@y中国@x图集 |
| 690 | @aG894-64@v5 | |
| 701 | 0 | @a霍雪松@Ahuo xue song@4编著 |
| 801 | 0 | @aCN@b卓展宏图@c20150525 |
| 905 | @dG894-64@e298@f4 | |
| 古董之盛世鼎藏:字画全彩版/霍雪松编著.-合肥:安徽美术出版社,2014 |
| 266页;26cm |
| ISBN 978-7-5398-5312-3(精装):CNY180.00 |
| 中国玉文化历史悠久, 博大精深, 而清朝的玉文化是一个积淀万年中国玉文化的集大成时代。其玉质之美, 琢工之精, 器形之丰, 题材之多, 使用之广, 都是前所未有的。故此, 作者特选取了各个时期尤其是清朝时期的精美玉器, 配以文字介绍, 全面展示了中国精彩绝伦的玉雕技艺和藏品价值, 是艺术品藏家借鉴的不错选择。 |
| ● |
| 相关链接 |
|
|
|
|
正题名:古董之盛世鼎藏
索取号:G894-64/298
 
预约/预借
| 序号 | 登录号 | 条形码 | 馆藏地/架位号 | 状态 | 备注 |
| 1 | 864229 | 208642290 | 第一样本阅览室/ [索取号:G894-64/298] | 在馆 | |
| 2 | 864230 | 208642307 | 第四借阅区/ [索取号:G894-64/298] | 在馆 | |
| 3 | 864231 | 208642316 | 第四借阅区/ [索取号:G894-64/298] | 在馆 | |
| 4 | 864232 | 208642325 | 第四借阅区/ [索取号:G894-64/298] | 在馆 |